000 00863nam a2200241Ia 4500
003 OSt
005 20220927105455.0
006 a|||||r|||| 00| 0
007 ta
008 220926b |||||||| |||| 00| 0 eng d
024 _a169385
037 _cReference Collections
040 _aRTL
_cRTL
_beng
041 _2eng
_aeng
082 _a"V2:42 (X:545) N74 - N69t4, L0/GD"
110 _a"Japan, National council of applied economic research."
_9372783
245 0 _aSurvey of India's export potential within the Indian ocean basin and Nearby areas.
260 _aDelhi
_bNational council of Applied Economic research.
_c1970
300 _a333p.
_ccm.
700 _a"Japan, National council of applied economic research."
_9372784
942 _h"V2:42 (X:545) N74 - N69t4, L0/GD"
_cCC
999 _c692725
_d692725